| 000 | 00713nam a22002177a 4500 | ||
|---|---|---|---|
| 999 |
_c6124 _d6124 |
||
| 003 | AR-CdUCM | ||
| 008 | 190313b ||||| |||| 00| 0 spa d | ||
| 040 |
_aMUNICIPALIDAD PROVINCIAL DEL CUSCO _cBIBLIOTECA MUNICIPAL DEL CUSCO |
||
| 082 |
_a869.56 / _bB96 |
||
| 100 |
_aBustamante y Ballivián, Enrique _917767 |
||
| 245 |
_aObras completas : _bpoesía / |
||
| 260 |
_aLima : _bCompañia de Impresiones y Publicidad, |
||
| 300 |
_a4 tomos ; _c22 cm. |
||
| 505 | _aContenido: t.1. Jardines -- Elogios -- Minuetos y tapices. | ||
| 650 |
_aPoesías peruanas _91481 |
||
| 650 |
_aSiglo XX _98 |
||
| 650 |
_aJunín (Perú : Departamento) _917768 |
||
| 650 |
_aPoesías _92272 |
||
| 942 |
_2ddc _cLIBROS |
||
| 945 | _azta | ||